00398pab a2200133 454500008004000000100001900040245008800059260000900147300001300156362001200169650002800181650003100209773002400240180718b1995 xxu||||| |||| 00| 0 eng d aTemple, Philip aChanging the rules in New Zealandbthe electoral reform referenda of 1992 and 1993. c1995 ap.234-38 aApr-Jun aElections - New Zealand aElection law - New Zealand aPolitical Quarterly